000
00327nam a22001457a 4500
008
240206b ||||| |||| 00| 0 eng d
020
_a
047144510
041
_a
eng
080
_2
2003
_a
159.9
082
_a
159.9ULR
100
_a
25
101
_a
PSI
245
_a
WHY THE BOTTOM LINE ISN*T!
_c
DAVE ULRICH
942
_2
udc
_c
BK
999
_c
60583
_d
60583